2-letter Chain Quiz - Statistics

General Stats
  • This quiz has been taken 253 times
  • The average score is 15 of 22
Answer Stats
Hint ? % Correct
Chemical symbol for iron Fe
93%
Alien from a Spielberg's movie E.T.
92%
Gym or sports class (abbr.) P.E.
86%
Abbreviation meaning "for example" e.g.
84%
Chinese board game Go
74%
A bovine ox
74%
Unit of frequency Hz
73%
Résumé you send out to apply for a job (abbr.) CV
70%
Jupiter's third biggest moon Io
70%
Organization of 193 countries founded in 1945 UN
70%
Public toilet/restroom (abbr.) WC
69%
American rock band "__ Top" ZZ
68%
Digraph typically pronounced as /θ/ or /ð/ th
67%
This Greek letter: Ξ ξ xi
65%
Polish currency (abbr.)
65%
The first entry in a thread on an internet forum (abbr.) O.P.
63%
Music recording that has about 1-6 tracks EP
61%
Code for Palau Pw
58%
Album by The Velvet Underground VU
53%
An article in the Venetian language łe
52%
Preposition or a Rudyard Kipling poem If
51%
One of the four streams of the Mattaponi river Ni
48%
No matching quizzes found
Score Distribution
Percent of People with Each Score
Percentile by Number Answered
Your Score History
You have not taken this quiz